<?xml version="1.0" encoding="UTF-8"?>
<record
    xmlns:xsi="http://www.w3.org/2001/XMLSchema-instance"
    xsi:schemaLocation="http://www.loc.gov/MARC21/slim http://www.loc.gov/standards/marcxml/schema/MARC21slim.xsd"
    xmlns="http://www.loc.gov/MARC21/slim">

  <leader>01605nam a2200277Ia 4500</leader>
  <controlfield tag="003">OSt</controlfield>
  <controlfield tag="005">20251208150141.0</controlfield>
  <controlfield tag="008">210210b2015   xxu||||| |||| 00| 0 eng d</controlfield>
  <datafield tag="040" ind1=" " ind2=" ">
    <subfield code="c">AL</subfield>
  </datafield>
  <datafield tag="041" ind1=" " ind2=" ">
    <subfield code="a">Kannada</subfield>
  </datafield>
  <datafield tag="082" ind1=" " ind2=" ">
    <subfield code="a">954.8K SEWM</subfield>
  </datafield>
  <datafield tag="100" ind1=" " ind2=" ">
    <subfield code="a">Sewell, Robert</subfield>
    <subfield code="9">244679</subfield>
  </datafield>
  <datafield tag="110" ind1=" " ind2=" ">
    <subfield code="a">&#xCB8;&#xCC6;&#xCB5;&#xCC6;&#xCB2;&#xCCD;, &#xCB0;&#xCBE;&#xCAC;&#xCB0;&#xCCD;&#xC9F;&#xCCD; </subfield>
    <subfield code="9">248275</subfield>
  </datafield>
  <datafield tag="245" ind1=" " ind2=" ">
    <subfield code="a">Maretuhoda mahasamrajya Vijayanagara</subfield>
    <subfield code="b">: &#xCAE;&#xCB0;&#xCC6;&#xCA4;&#xCC1;&#xCB9;&#xCCB;&#xCA6; &#xCAE;&#xCB9;&#xCBE;&#xCB8;&#xCBE;&#xCAE;&#xCCD;&#xCB0;&#xCBE;&#xC9C;&#xCCD;&#xCAF; &#xCB5;&#xCBF;&#xC9C;&#xCAF;&#xCA8;&#xC97;&#xCB0;</subfield>
  </datafield>
  <datafield tag="260" ind1=" " ind2=" ">
    <subfield code="a">Bengaluru</subfield>
    <subfield code="b">Ankita Pustaka</subfield>
    <subfield code="c">2015</subfield>
  </datafield>
  <datafield tag="300" ind1=" " ind2=" ">
    <subfield code="a">443p</subfield>
  </datafield>
  <datafield tag="520" ind1=" " ind2=" ">
    <subfield code="a">&#xC92;&#xC82;&#xCA6;&#xCC1; &#xC95;&#xCBE;&#xCB2;&#xCA6;&#xCB2;&#xCCD;&#xCB2;&#xCBF; &#xCB5;&#xCC8;&#xCAD;&#xCB5;&#xCA6;&#xCBF;&#xC82;&#xCA6; &#xCAE;&#xCC6;&#xCB0;&#xCC6;&#xCA6; &#xCB5;&#xCBF;&#xC9C;&#xCAF;&#xCA8;&#xC97;&#xCB0; &#xCAE;&#xCB9;&#xCBE;&#xCB8;&#xCBE;&#xCAE;&#xCCD;&#xCB0;&#xCBE;&#xC9C;&#xCCD;&#xCAF;&#xCA6; &#xCB5;&#xCBF;&#xCB8;&#xCCD;&#xCA4;&#xCBE;&#xCB0;, &#xC98;&#xCA8;&#xCA4;&#xCC6;, &#xCB5;&#xCC8;&#xCAD;&#xCB5;&#xC97;&#xCB3;&#xCA8;&#xCCD;&#xCA8;&#xCC1; &#xC88; &#xC95;&#xCC3;&#xCA4;&#xCBF; &#xCAC;&#xCA3;&#xCCD;&#xCA3;&#xCBF;&#xCB8;&#xCC1;&#xCA4;&#xCCD;&#xCA4;&#xCA6;&#xCC6;. &#xCB0;&#xCBE;&#xCAC;&#xCB0;&#xCCD;&#xC9F;&#xCCD; &#xCB8;&#xCC6;&#xCB5;&#xCC6;&#xCB2;&#xCCD; &#xC85;&#xCB5;&#xCB0; &#xC88; &#xC95;&#xCC3;&#xCA4;&#xCBF; &#xCB5;&#xCBF;&#xC9C;&#xCAF;&#xCA8;&#xC97;&#xCB0;&#xCA6; &#xC8F;&#xCB3;&#xCC1; &#xCAC;&#xCC0;&#xCB3;&#xCC1;&#xC97;&#xCB3;&#xCA8;&#xCCD;&#xCA8;&#xCC1; &#xCB8;&#xCAE;&#xC97;&#xCCD;&#xCB0;&#xCB5;&#xCBE;&#xC97;&#xCBF; &#xC9A;&#xCBF;&#xCA4;&#xCCD;&#xCB0;&#xCBF;&#xCB8;&#xCBF;&#xCA6;&#xCC6;. &#xC87;&#xCA4;&#xCBF;&#xCB9;&#xCBE;&#xCB8;&#xCA6; &#xCB5;&#xCB8;&#xCCD;&#xCA4;&#xCC1;&#xCA8;&#xCBF;&#xCB7;&#xCCD;&#xC9F; &#xC85;&#xCA7;&#xCCD;&#xCAF;&#xCAF;&#xCA8;&#xC95;&#xCCD;&#xC95;&#xCC6; &#xCAE;&#xCBE;&#xCA6;&#xCB0;&#xCBF;&#xCAF;&#xCBE;&#xC97;&#xCBF;&#xCB0;&#xCC1;&#xCB5; &#xC88; &#xC95;&#xCC3;&#xCA4;&#xCBF;&#xCAF;&#xCA8;&#xCCD;&#xCA8;&#xCC1; &#xC95;&#xCA8;&#xCCD;&#xCA8;&#xCA1;&#xC95;&#xCCD;&#xC95;&#xCC6; &#xCB8;&#xCA6;&#xCBE;&#xCA8;&#xC82;&#xCA6; &#xC95;&#xCA8;&#xCB5;&#xCB3;&#xCCD;&#xCB3;&#xCBF;&#xCAF;&#xCB5;&#xCB0;&#xCC1; &#xC85;&#xCA8;&#xCC1;&#xCB5;&#xCBE;&#xCA6;&#xCBF;&#xCB8;&#xCBF;&#xCA6;&#xCCD;&#xCA6;&#xCBE;&#xCB0;&#xCC6;.</subfield>
  </datafield>
  <datafield tag="650" ind1=" " ind2=" ">
    <subfield code="a">Vijayanagara</subfield>
    <subfield code="9">244680</subfield>
  </datafield>
  <datafield tag="650" ind1=" " ind2=" ">
    <subfield code="a">Maretuhoda</subfield>
    <subfield code="9">244681</subfield>
  </datafield>
  <datafield tag="650" ind1=" " ind2=" ">
    <subfield code="a">mahasamrajya</subfield>
    <subfield code="9">244682</subfield>
  </datafield>
  <datafield tag="690" ind1=" " ind2=" ">
    <subfield code="a">Indian History</subfield>
    <subfield code="9">244683</subfield>
  </datafield>
  <datafield tag="700" ind1=" " ind2=" ">
    <subfield code="a">Sadananda Kanavalli tr</subfield>
    <subfield code="9">244684</subfield>
  </datafield>
  <datafield tag="710" ind1=" " ind2=" ">
    <subfield code="a">&#xCB8;&#xCA6;&#xCBE;&#xCA8;&#xC82;&#xCA6; &#xC95;&#xCA8;&#xCB5;&#xCB3;&#xCCD;&#xCB3;&#xCBF; tr</subfield>
    <subfield code="9">248276</subfield>
  </datafield>
  <datafield tag="906" ind1=" " ind2=" ">
    <subfield code="a">069574</subfield>
  </datafield>
  <datafield tag="942" ind1=" " ind2=" ">
    <subfield code="2">ddc</subfield>
    <subfield code="c">BK</subfield>
  </datafield>
  <datafield tag="999" ind1=" " ind2=" ">
    <subfield code="c">119145</subfield>
    <subfield code="d">119145</subfield>
  </datafield>
  <datafield tag="952" ind1=" " ind2=" ">
    <subfield code="0">0</subfield>
    <subfield code="1">0</subfield>
    <subfield code="2">ddc</subfield>
    <subfield code="4">0</subfield>
    <subfield code="7">0</subfield>
    <subfield code="8">HIS</subfield>
    <subfield code="a">AL</subfield>
    <subfield code="b">AL</subfield>
    <subfield code="c">Kannada</subfield>
    <subfield code="d">2021-02-17</subfield>
    <subfield code="e">Navakarnataka Publications Pvt, Ltd, Bengaluru-560001</subfield>
    <subfield code="g">350.00</subfield>
    <subfield code="l">0</subfield>
    <subfield code="o">954.8K SEWM</subfield>
    <subfield code="p">069574</subfield>
    <subfield code="r">2021-02-17 00:00:00</subfield>
    <subfield code="w">2021-02-17</subfield>
    <subfield code="y">BK</subfield>
  </datafield>
</record>
